LEADER 00864nam0-2200325---450- 001 990009274870403321 005 20101108110203.0 010 $a88-15-09672-8 035 $a000927487 035 $aFED01000927487 035 $a(Aleph)000927487FED01 035 $a000927487 100 $a20101108d2004----km-y0itay50------ba 101 0 $aita 102 $aIT 105 $aa-------001yy 200 1 $aPsicologia della cultura$fLuigi Anolli 210 $aBologna$cIl Mulino$d2004 215 $a389 p.$cill.$d24 cm 225 1 $aStrumenti$iPsicologia 610 0 $aCultura 676 $a306.019$v21$zita 700 1$aAnolli,$bLuigi$f<1945- >$0185099 801 0$aIT$bUNINA$gREICAT$2UNIMARC 901 $aBK 912 $a990009274870403321 952 $aIX F 152$b44447$fFSPBC 959 $aFSPBC 996 $aPsicologia della cultura$9769020 997 $aUNINA LEADER 00829nam0-22002891i-450- 001 990000395400403321 005 20001010 010 $a92-3-102081-1 035 $a000039540 035 $aFED01000039540 035 $a(Aleph)000039540FED01 035 $a000039540 100 $a20001010d--------km-y0itay50------ba 101 0 $aita 105 $ay-------001yy 200 1 $aCoal Utilization$eAn International Forum on New Technologies$fUNESCO. 210 $as.l.$cUNESCO$d1983 215 $a134 p., ill., 24 cm 710 02$aUNESCO$9$013162 801 0$aIT$bUNINA$gRICA$2UNIMARC 901 $aBK 912 $a990000395400403321 952 $a04 105-147$bDIC$fDINCH 959 $aDINCH 996 $aCoal Utilization$9135458 997 $aUNINA DB $aING01 LEADER 01271nam2-2200385li-450 001 990000179120203316 005 20180312154819.0 010 $a0-201-51377-3 035 $a0017912 035 $aUSA010017912 035 $a(ALEPH)000017912USA01 035 $a0017912 100 $a20001109d1990----km-y0itay0103----ba 101 0 $aeng 102 $aUS 200 1 $aHigh-performance computer architecture$fHarold S. Stone 205 $a2nd ed 210 $aReading (Mass.) [etc.]$cAddison-Wesley$dcopyr. 1990 215 $aXVI, 459 p.$cill.$d24 cm 225 2 $aAddison-Wesley series in electrical and computer engineering$v0 410 0$10010017910$12001$aAddison-Wesley series in electrical and computer engineering 610 1 $aarchitettura degli elaboratori 676 $a00422$9Architettura degli elaboratori 700 1$aStone,$bHarold S.$08443 801 $aSistema bibliotecario di Ateneo dell' Università di Salerno$gRICA 912 $a990000179120203316 951 $a004.22 STO$b0001756 959 $aBK 969 $aTEC 979 $c19920514 979 $c20001110$lUSA01$h1713 979 $c20020403$lUSA01$h1625 979 $aPATRY$b90$c20040406$lUSA01$h1613 996 $aHigh-performance computer architecture$9113821 997 $aUNISA